Правила безопасности при эксплуатации магистральных нефтепроводов

Bibliographische Detailangaben
Sprache:Russisch
Veröffentlicht: Москва, Недра, 1989
Schlagworte:
Format: MixedMaterials Buch
KOHA link:https://koha.lib.tpu.ru/cgi-bin/koha/opac-detail.pl?biblionumber=112538

MARC

LEADER 00000nam0a2200000 4500
001 112538
005 20231031121459.0
020 |a RU  |b 89-24513 
035 |a (RuTPU)RU\TPU\book\121682 
090 |a 112538 
100 |a 20070329d1989 m a0rusy5003 ca 
101 0 |a rus 
102 |a RU 
105 |a y z 000zy 
200 1 |a Правила безопасности при эксплуатации магистральных нефтепроводов 
210 |a Москва  |c Недра  |d 1989 
215 |a 90 с. 
610 1 |a правила безопасности 
610 1 |a эксплуатация 
610 1 |a магистральные нефтепроводы 
610 1 |a вспомогательные сооружения 
610 1 |a устройства 
610 1 |a оборудование 
610 1 |a ремонт 
675 |a 622.691.4:658  |v 3 
801 0 |a RU  |b RuMRKP  |c 19960704  |g psbo 
801 1 |a RU  |b 63413507  |c 20070329  |g PSBO 
801 2 |a RU  |b 63413507  |c 20080328  |g PSBO 
942 |c BK